000 00344nam a22001577a 4500
005 20260512121402.0
008 160629b xxu||||| |||| 00| 0 eng d
041 _aeng
082 _a658.5
100 _aVerma, A.P.
245 _aProduction Management
260 _bKatson Books
_c2012
300 _a332
650 _aManagement
942 _cBK
999 _c4708
_d4706